Kertész Lajos halálára

Elmentve itt :
Bibliográfiai részletek
Dokumentumtípus: Cikk
Megjelent: 1985-10-09
Sorozat:Délmagyarország 75 No. 237
Kulcsszavak:Kertész Lajos
Online Access:http://dmarchiv.bibl.u-szeged.hu/95748
LEADER 00395nab a2200145 i 4500
001 delm95748
005 20190906125003.0
008 190906s1985 hu o 0|| hun d
040 |a SZTE Délmagyarország Archívum  |b hun 
041 |a hun 
245 0 0 |a Kertész Lajos halálára  |h [elektronikus dokumentum] 
260 |c 1985-10-09 
300 |a 5 
490 0 |a Délmagyarország  |v 75 No. 237 
695 |a Kertész Lajos